| 000 | 00533nam a22002057a 4500 | ||
|---|---|---|---|
| 003 | OSt | ||
| 005 | 20140310182753.0 | ||
| 008 | 130204t xxu||||| |||| 00| 0 eng d | ||
| 020 | _a9812448802 | ||
| 050 |
_aQA 154.3 _b.L693 2005 |
||
| 082 |
_aM 512 _bL61 2005 |
||
| 245 |
_aAlgebra for college students _cLial, Margaret L. |
||
| 260 |
_aBoston _bAddison-Wesley _c2012 |
||
| 300 |
_a854, [58] p. _c 29 cm. |
||
| 521 | _acollege students | ||
| 526 | _c1210L-1700L | ||
| 541 | _j1 | ||
| 562 | _e9 | ||
| 942 |
_2lcc _cBK _mM |
||
| 999 |
_c15798 _d15798 |
||